[Event "Open 150' Unita' d'Italia A"]
[Site "Torino ITA"]
[Date "2011.05.31"]
[Round "1"]
[White "Barbiso, Tiziana"]
[Black "Van Hoolandt, Patrick"]
[Result "1-0"]
[WhiteElo "2024"]
[BlackElo "2192"]
[PlyCount "185"]
[EventDate "2011.05.31"]

1. e4 e5 2. Nf3 Nc6 3. d4 exd4 4. Nxd4 Nf6 5. Nxc6 bxc6 6. e5 Qe7 7. Qe2 Nd5 8.
c4 Nb6 9. Nc3 a5 10. Qe4 g6 11. f4 Bg7 12. Be3 Ba6 13. c5 Bxf1 14. Rxf1 Nc8 15.
O-O-O O-O 16. Bd4 Qe6 17. Qf3 Na7 18. g4 Nb5 19. Nxb5 cxb5 20. Kb1 Qc6 21. Qc3
b4 22. Qe3 f5 23. g5 a4 24. Rfe1 Rfe8 25. h4 Re6 26. Qd3 Qa6 27. Qf3 Rae8 28.
h5 d6 29. h6 dxe5 30. Bxe5 Bxe5 31. Rxe5 Rxe5 32. fxe5 Qe6 33. Qf4 Qxe5 34.
Qxb4 Qe4+ 35. Qxe4 fxe4 36. Kc2 Re7 37. Rd4 e3 38. Kd1 e2+ 39. Ke1 Kf7 40. Rxa4
Re5 41. Rf4+ Ke6 42. Rf6+ Ke7 43. Rxg6 Rxc5 44. Rg7+ Ke6 45. Rxh7 Rxg5 46. Rxc7
Rg2 47. h7 Rh2 48. Rc2 Kd5 49. Rxe2 Rxh7 50. Rc2 Kd4 51. Rd2+ Kc4 52. Kd1 Ra7
53. a3 Kb3 54. Kc1 Rh7 55. Rd3+ Ka4 56. Kc2 Rc7+ 57. Rc3 Rh7 58. Rc4+ Kb5 59.
b3 Rh2+ 60. Kc3 Rh3+ 61. Kb2 Rh2+ 62. Rc2 Rh4 63. Re2 Rh5 64. a4+ Ka5 65. Ka3
Rh3 66. Re5+ Ka6 67. Rc5 Kb6 68. Re5 Ka6 69. Kb4 Rh4+ 70. Ka3 Rh3 71. Rd5 Rg3
72. Kb4 Rg4+ 73. Kc3 Rg1 74. Kc4 Rc1+ 75. Kb4 Rc6 76. a5 Rg6 77. Ka4 Rg1 78.
Rd6+ Kb7 79. b4 Rg4 80. Kb5 Rg5+ 81. Kc4 Rg1 82. Kc5 Rc1+ 83. Kb5 Rc7 84. a6+
Ka7 85. Ka5 Rh7 86. b5 Rh5 87. Rd7+ Kb8 88. Kb6 Rh6+ 89. Kc5 Rh1 90. Kc6 Rh6+
91. Rd6 Rh8 92. Kc5 Ka7 93. Kc6 1-0

[Event "Open 150' Unita' d'Italia A"]
[Site "Torino ITA"]
[Date "2011.05.31"]
[Round "1"]
[White "Bianco, Valerio"]
[Black "D'Agostino, Maurizio"]
[Result "1-0"]
[WhiteElo "2202"]
[BlackElo "2028"]
[PlyCount "57"]
[EventDate "2011.05.31"]

1. e4 Nf6 2. e5 Nd5 3. c4 Nb6 4. c5 Nd5 5. d4 e6 6. Nc3 Nxc3 7. bxc3 d6 8. exd6
cxd6 9. Nf3 Nc6 10. cxd6 Bxd6 11. Bd3 h6 12. O-O O-O 13. Re1 Qc7 14. Qe2 Bd7
15. Bd2 Rae8 16. Ne5 Bxe5 17. dxe5 f6 18. exf6 Rxf6 19. Qe4 Ref8 20. Re3 Ne7
21. Qh7+ Kf7 22. Rg3 Rg8 23. Re1 Nf5 24. Bxf5 exf5 25. Re7+ Kxe7 26. Qxg8 g5
27. Qg7+ Rf7 28. Qxh6 g4 29. Bg5+ 1-0

[Event "Open 150' Unita' d'Italia A"]
[Site "Torino ITA"]
[Date "2011.05.31"]
[Round "1"]
[White "Boetto, Massimo"]
[Black "Angelini, Marco"]
[Result "0-1"]
[WhiteElo "2009"]
[BlackElo "2180"]
[PlyCount "64"]
[EventDate "2011.05.31"]

1. e4 c5 2. Nf3 d6 3. d4 cxd4 4. Nxd4 Nf6 5. Nc3 a6 6. Bg5 e6 7. f4 Nbd7 8. Qf3
Qc7 9. O-O-O b5 10. Bd3 Bb7 11. Rhe1 O-O-O 12. a3 Be7 13. g4 h6 14. Bxf6 gxf6
15. Qe2 Kb8 16. Kb1 Rc8 17. Na2 Rhd8 18. a4 Qb6 19. axb5 Qxd4 20. bxa6 Bc6 21.
a7+ Qxa7 22. Nb4 Bb7 23. c3 Nc5 24. Bc2 Qb6 25. f5 Na6 26. Na2 d5 27. Rd4 dxe4
28. Ra4 Rc5 29. Qe3 Rb5 30. fxe6 fxe6 31. Qxb6 Rxb6 32. Bxe4 Nc5 0-1

[Event "Open 150' Unita' d'Italia A"]
[Site "Torino ITA"]
[Date "2011.05.31"]
[Round "1"]
[White "De Barberis, Massimo"]
[Black "Pulito, Alberto"]
[Result "0-1"]
[WhiteElo "2079"]
[BlackElo "2281"]
[PlyCount "75"]
[EventDate "2011.05.31"]

1. e4 d6 2. Nc3 Nf6 3. d4 e5 4. Nf3 Nbd7 5. Bc4 Be7 6. O-O O-O 7. h3 c6 8. a4
exd4 9. Nxd4 d5 10. exd5 Nb6 11. Bb3 Nbxd5 12. Nxd5 Nxd5 13. Qf3 Bf6 14. Rd1
Qa5 15. Bxd5 Qxd5 16. Qxd5 cxd5 17. Be3 Be6 18. Rd2 a6 19. Nxe6 fxe6 20. Bd4
Rac8 21. Bxf6 gxf6 22. Kf1 Rc4 23. b3 Rc3 24. Re1 Kf7 25. Ke2 Rg8 26. g3 Ke7
27. Kd1 Kd6 28. Rde2 e5 29. Re3 Rgc8 30. Rxc3 Rxc3 31. Kd2 Rf3 32. Ke2 e4 33.
Rd1 Kc5 34. h4 h5 35. Rd2 f5 36. Rd1 a5 37. Rg1 Rc3 38. Kd2 0-1

[Event "Open 150' Unita' d'Italia A"]
[Site "Torino ITA"]
[Date "2011.05.31"]
[Round "1"]
[White "Grinza, Andrea"]
[Black "Stella, Andrea"]
[Result "1/2-1/2"]
[WhiteElo "2109"]
[BlackElo "2398"]
[PlyCount "131"]
[EventDate "2011.05.31"]

1. d4 Nf6 2. c4 g6 3. Nc3 d5 4. cxd5 Nxd5 5. e4 Nxc3 6. bxc3 Bg7 7. Be3 c5 8.
Rc1 Qa5 9. Qd2 O-O 10. Nf3 Rd8 11. h3 b6 12. Be2 Ba6 13. d5 Bxe2 14. Kxe2 Nc6
15. h4 h5 16. Rhg1 e6 17. g4 exd5 18. exd5 hxg4 19. Rxg4 c4 20. Rg5 Bf6 21.
Rcg1 Ne7 22. d6 Nf5 23. Nd4 Bxg5 24. Nxf5 Qxf5 25. Rxg5 Qd3+ 26. Qxd3 cxd3+ 27.
Kxd3 Rxd6+ 28. Bd4 Kh7 29. f4 f6 30. Rb5 Kh6 31. a4 Rc8 32. Ke4 f5+ 33. Kf3 Kh5
34. a5 bxa5 35. Rb7 Rxc3+ 36. Bxc3 Rd3+ 37. Ke2 Rxc3 38. Rxa7 Ra3 39. Rh7+ Kg4
40. Rh6 Ra2+ 41. Ke3 Ra3+ 42. Ke2 Kxf4 43. Rxg6 Ra2+ 44. Kf1 Kf3 45. Kg1 Ra1+
46. Kh2 Ra4 47. Rg3+ Ke4 48. h5 Ke5 49. Rh3 Rg4 50. h6 Rg8 51. Ra3 Ra8 52. h7
Kf6 53. Rxa5 Rh8 54. Ra7 Kg6 55. Ra6+ Kg5 56. Ra7 Kh6 57. Ra6+ Kxh7 58. Kg3 Kg7
59. Kf4 Rh5 60. Rb6 Kf7 61. Ra6 Ke7 62. Rb6 Kd7 63. Ra6 Kc7 64. Rf6 Kd7 65.
Rxf5 Rxf5+ 66. Kxf5 1/2-1/2

[Event "Open 150' Unita' d'Italia A"]
[Site "Torino ITA"]
[Date "2011.05.31"]
[Round "1"]
[White "Passerotti, Pierluigi"]
[Black "Spinelli, Doriano"]
[Result "1-0"]
[WhiteElo "2286"]
[BlackElo "2100"]
[PlyCount "81"]
[EventDate "2011.05.31"]

1. d4 d5 2. c4 e5 3. dxe5 d4 4. Nf3 Nc6 5. g3 Nge7 6. Bg2 Ng6 7. Bg5 Qd7 8. O-O
h6 9. Bc1 Ngxe5 10. Nxe5 Nxe5 11. Qb3 Bc5 12. Nd2 O-O 13. Ne4 Qe7 14. Bd2 a5
15. Qb5 Bb6 16. f4 Nd7 17. Rfe1 Nc5 18. Nxc5 Bxc5 19. Qb3 c6 20. e4 d3+ 21. Kh1
Rd8 22. Qd1 b5 23. cxb5 cxb5 24. a3 a4 25. Bc3 Be6 26. Qd2 Bb3 27. Rf1 Qa7 28.
Rae1 Rac8 29. f5 Bd4 30. f6 Bxc3 31. bxc3 Qb6 32. fxg7 Kxg7 33. e5 Bd5 34. Rf6
Rc6 35. Qxh6+ Kg8 36. Rxc6 Bxc6 37. Qxc6 Qf2 38. Rf1 Qe2 39. Qf3 Qa2 40. Qg4+
Kf8 41. e6 1-0

[Event "Open 150' Unita' d'Italia A"]
[Site "Torino ITA"]
[Date "2011.05.31"]
[Round "1"]
[White "Pliev, Vladimir"]
[Black "Ljubisavljevic, Zivojin Z."]
[Result "0-1"]
[WhiteElo "2049"]
[BlackElo "2215"]
[PlyCount "74"]
[EventDate "2011.05.31"]

1. e4 c6 2. d4 d5 3. exd5 cxd5 4. c4 Nf6 5. Nc3 dxc4 6. Bxc4 e6 7. Nf3 Be7 8.
O-O O-O 9. Bf4 a6 10. Re1 b5 11. Bd3 Bb7 12. Be5 Nc6 13. Ne4 Nxe5 14. Nxf6+
gxf6 15. dxe5 f5 16. Qe2 Qb6 17. Qe3 Qxe3 18. Rxe3 Rfd8 19. Be2 Rac8 20. Rc3
Rxc3 21. bxc3 Ba3 22. c4 b4 23. Rd1 Rxd1+ 24. Bxd1 Bb2 25. Kf1 Bc6 26. Ke2 a5
27. Bc2 a4 28. Kd3 h6 29. h3 Kf8 30. Ke3 Ke7 31. g4 a3 32. gxf5 exf5 33. Nd4
f4+ 34. Kd3 Bg2 35. c5 Bxh3 36. Nc6+ Kd7 37. Nxb4 Be6 0-1

[Event "Open 150' Unita' d'Italia A"]
[Site "Torino ITA"]
[Date "2011.05.31"]
[Round "1"]
[White "Sanchez, Joseph"]
[Black "Finocchiaro, Gianluca"]
[Result "1-0"]
[WhiteElo "2539"]
[BlackElo "2151"]
[PlyCount "72"]
[EventDate "2011.05.31"]

1. e4 d5 2. exd5 Qxd5 3. Nc3 Qa5 4. d4 Nf6 5. Nf3 c6 6. Bc4 Bf5 7. Ne5 e6 8. g4
Bg6 9. h4 Nbd7 10. Nxd7 Nxd7 11. Qe2 Bb4 12. Bd2 h5 13. a3 O-O-O 14. O-O-O Bxc3
15. Bxc3 Qc7 16. f3 Nf6 17. Kb1 Nd5 18. Be1 Rhe8 19. Rg1 e5 20. Bxd5 cxd5 21.
gxh5 exd4 22. Qd2 Bxh5 23. Qxd4 Re2 24. Rd2 Rxd2 25. Bxd2 Bg6 26. Bf4 Qb6 27.
Qc3+ Qc6 28. Qxg7 d4 29. Ka1 Qxf3 30. Qe5 Qc6 31. Qb8+ Kd7 32. Qxa7 Ke7 33. Qa5
Qd5 34. Qa4 Kf8 35. h5 Qf5 36. Qb4+ Kg8 1-0

[Event "Open 150' Unita' d'Italia A"]
[Site "Torino ITA"]
[Date "2011.05.31"]
[Round "1"]
[White "Sorcinelli, Francesco"]
[Black "Zunino, Davide"]
[Result "1-0"]
[WhiteElo "2171"]
[BlackElo "1987"]
[PlyCount "83"]
[EventDate "2011.05.31"]

1. Nf3 e6 2. e4 d5 3. Nc3 Nf6 4. e5 Nfd7 5. d4 c5 6. dxc5 Nc6 7. Bf4 Bxc5 8.
Bd3 f6 9. exf6 Nxf6 10. O-O O-O 11. Ne5 a6 12. Qe2 Qe8 13. Rae1 Nh5 14. Bd2 Nf4
15. Bxf4 Rxf4 16. Bxh7+ Kxh7 17. Qd3+ g6 18. Qg3 Rf5 19. Nd3 Bd4 20. Ne2 Bg7
21. Nef4 Qf7 22. h4 Bh6 23. Nh3 b6 24. f4 Bd7 25. Qh2 Rh5 26. Ng5+ Bxg5 27.
fxg5 Qg7 28. Rf6 Kh8 29. g4 Rh7 30. Ref1 Kg8 31. Nf4 Ne5 32. Nxe6 Bxe6 33. Qxe5
Re8 34. Qd6 Qe7 35. Rxg6+ Rg7 36. Rxg7+ Kxg7 37. Qe5+ Kh7 38. Rf6 Qg7 39. h5
Bf7 40. Qf5+ Kg8 41. h6 Qh7 42. Qxh7+ 1-0

[Event "Open 150' Unita' d'Italia A"]
[Site "Torino ITA"]
[Date "2011.05.31"]
[Round "1"]
[White "Topczewski, Damian"]
[Black "Pinkerton, James Carl"]
[Result "1/2-1/2"]
[WhiteElo "2221"]
[BlackElo "2058"]
[PlyCount "133"]
[EventDate "2011.05.31"]

1. e4 c6 2. d4 d5 3. f3 dxe4 4. fxe4 e5 5. Nf3 exd4 6. Bc4 Nd7 7. O-O Ngf6 8.
Ng5 Ne5 9. Nxf7 Nxf7 10. Bxf7+ Kxf7 11. e5 Be7 12. exf6 Bxf6 13. Bg5 Be6 14.
Bxf6 gxf6 15. Qh5+ Kg7 16. Qh4 Rf8 17. Nd2 d3 18. cxd3 Qxd3 19. Ne4 Qd4+ 20.
Kh1 Bd5 21. Rfe1 Rae8 22. Qg3+ Kh8 23. Nc3 Rxe1+ 24. Qxe1 Rg8 25. Nxd5 Qxd5 26.
Qf2 Qg5 27. Rf1 b6 28. h3 Kg7 29. Rd1 Rf8 30. Rd4 h5 31. Rd3 Qe5 32. Re3 Qc5
33. Rg3+ Kh7 34. Qxc5 bxc5 35. Ra3 Rf7 36. Ra5 c4 37. Rxh5+ Kg6 38. Rc5 Rb7 39.
Rxc4 Rxb2 40. a4 Ra2 41. Kh2 Ra3 42. h4 c5 43. g3 Ra2+ 44. Kh3 Ra3 45. Kg4 Rb3
46. h5+ Kh6 47. Rxc5 Rb4+ 48. Kf5 Rxa4 49. Kxf6 Rg4 50. Rc2 Kh7 51. Rc3 Kh6 52.
Kf5 Kxh5 53. Rc2 Rg5+ 54. Kf4 Rg4+ 55. Kf3 Ra4 56. Rc5+ Kg6 57. g4 Ra3+ 58. Kf4
Ra4+ 59. Kg3 Ra3+ 60. Kh4 Ra6 61. Rd5 Rb6 62. Rg5+ Kh6 63. Rg8 a6 64. g5+ Kh7
65. Ra8 Kg6 66. Rg8+ Kh7 67. Ra8 1/2-1/2

[Event "Open 150' Unita' d'Italia A"]
[Site "Torino ITA"]
[Date "2011.06.01"]
[Round "2"]
[White "Angelini, Marco"]
[Black "Passerotti, Pierluigi"]
[Result "1/2-1/2"]
[WhiteElo "2180"]
[BlackElo "2286"]
[PlyCount "83"]
[EventDate "2011.05.31"]

1. e4 c5 2. Nf3 e6 3. d4 cxd4 4. Nxd4 a6 5. Bd3 Nc6 6. Nb3 Nf6 7. Qe2 d6 8. O-O
Be7 9. Nc3 b5 10. a3 O-O 11. f4 Qc7 12. Kh1 Re8 13. Bd2 Bb7 14. Rae1 b4 15.
axb4 Nxb4 16. Nb5 axb5 17. Bxb4 Qb6 18. c3 Reb8 19. Nd4 Ra4 20. Qf2 Bc6 21. e5
Ng4 22. Qe2 Rxb4 23. Nxc6 Qxc6 24. cxb4 Nh6 25. Rc1 Qb6 26. exd6 Bxd6 27. Qe4
g6 28. Rc6 Qd8 29. Qd4 Bxb4 30. Qxd8+ Rxd8 31. Bxb5 Rd2 32. b3 Nf5 33. Rc4 Bd6
34. Re4 h5 35. Re2 Rd4 36. g3 h4 37. Kg2 hxg3 38. hxg3 g5 39. Bc4 gxf4 40. gxf4
Bxf4 41. Rxf4 Rxf4 42. Bxe6 1/2-1/2

[Event "Open 150' Unita' d'Italia A"]
[Site "Torino ITA"]
[Date "2011.06.01"]
[Round "2"]
[White "Bianco, Valerio"]
[Black "Sanchez, Joseph"]
[Result "1/2-1/2"]
[WhiteElo "2202"]
[BlackElo "2539"]
[PlyCount "52"]
[EventDate "2011.05.31"]

1. e4 d5 2. exd5 Nf6 3. Nf3 Qxd5 4. d4 Bg4 5. Be2 e6 6. h3 Bh5 7. O-O Nc6 8.
Be3 O-O-O 9. Nbd2 Rg8 10. c4 Qd7 11. Ne5 Bxe2 12. Qxe2 Qe8 13. Ndf3 Bd6 14.
Nxc6 Qxc6 15. Rac1 Qe4 16. c5 Bf4 17. Nd2 Qf5 18. g4 Qg5 19. Nf3 Qh6 20. g5
Qxh3 21. Bxf4 Qg4+ 22. Bg3 Ne4 23. Rce1 Nxg3 24. fxg3 Qxg3+ 25. Qg2 Qf4 26. Qh2
Qg4+ 1/2-1/2

[Event "Open 150' Unita' d'Italia A"]
[Site "Torino ITA"]
[Date "2011.06.01"]
[Round "2"]
[White "Finocchiaro, Gianluca"]
[Black "D'Agostino, Maurizio"]
[Result "1/2-1/2"]
[WhiteElo "2151"]
[BlackElo "2028"]
[PlyCount "90"]
[EventDate "2011.05.31"]

1. d4 d5 2. e4 e6 3. c4 dxe4 4. Nc3 Nf6 5. f3 c5 6. d5 exf3 7. Nxf3 a6 8. Bd3
exd5 9. cxd5 Be7 10. O-O O-O 11. Ng5 h6 12. Nge4 Nxe4 13. Nxe4 f5 14. Nc3 b5
15. Bc2 Bd6 16. Qh5 Ra7 17. Bd2 Qf6 18. Rae1 Re7 19. Kh1 Rxe1 20. Rxe1 Bd7 21.
Qf3 Qh4 22. g3 Qf6 23. Nd1 b4 24. b3 a5 25. Bc1 Be5 26. Ne3 f4 27. Nc4 Bc3 28.
Re4 g5 29. g4 Re8 30. Rxe8+ Bxe8 31. Qe4 Bd7 32. Qh7+ Kf8 33. Kg2 f3+ 34. Kf1
Bd4 35. h3 f2 36. Be4 Qg7 37. Qxg7+ Kxg7 38. Ne3 Bb5+ 39. Kxf2 Nd7 40. Kg3 Bxe3
41. Bxe3 c4 42. Bd4+ Kf7 43. Bf5 c3 44. Be6+ Kf8 45. Bf5 a4 1/2-1/2

[Event "Open 150' Unita' d'Italia A"]
[Site "Torino ITA"]
[Date "2011.06.01"]
[Round "2"]
[White "Formento, Paolo"]
[Black "De Barberis, Massimo"]
[Result "1-0"]
[WhiteElo "2020"]
[BlackElo "2079"]
[PlyCount "57"]
[EventDate "2011.05.31"]

1. e4 c6 2. d4 g6 3. Nc3 d5 4. Be3 Bg7 5. Qd2 Be6 6. exd5 Bxd5 7. Nxd5 cxd5 8.
Bd3 Nc6 9. c3 e6 10. Nf3 Nf6 11. Bh6 Bxh6 12. Qxh6 Ng4 13. Qf4 h5 14. h3 Nh6
15. O-O-O Qe7 16. g4 O-O-O 17. Bb5 a6 18. Bxc6 bxc6 19. Ne5 Kb7 20. b4 Rdg8 21.
a4 a5 22. Kc2 g5 23. Qg3 Qc7 24. Qg2 Ka7 25. Rb1 Rb8 26. Nd3 Ng8 27. Nc5 Nf6
28. Qf3 Qf4 29. Qe2 1-0

[Event "Open 150' Unita' d'Italia A"]
[Site "Torino ITA"]
[Date "2011.06.01"]
[Round "2"]
[White "Ljubisavljevic, Zivojin Z."]
[Black "Sorcinelli, Francesco"]
[Result "1-0"]
[WhiteElo "2215"]
[BlackElo "2171"]
[PlyCount "64"]
[EventDate "2011.05.31"]

1. d4 c5 2. d5 g6 3. e4 d6 4. c3 Bg7 5. Be3 Na6 6. Bb5+ Bd7 7. a4 Nc7 8. Bxd7+
Qxd7 9. f3 Nf6 10. Qd2 O-O 11. Bh6 e6 12. Bxg7 Kxg7 13. dxe6 Qxe6 14. Ne2 d5
15. exd5 Ncxd5 16. O-O Rad8 17. Nf4 Qf5 18. Nxd5 Nxd5 19. Na3 Nf4 20. Qf2 Rde8
21. Qh4 Re2 22. g3 Nh3+ 23. Kh1 g5 24. Qh5 Rd2 25. Nc4 Nf2+ 26. Kg2 Nh3+ 27.
Kh1 Qe6 28. b3 h6 29. Rfb1 f5 30. Qxh3 Rd3 31. g4 fxg4 32. Qxg4 h5 1-0

[Event "Open 150' Unita' d'Italia A"]
[Site "Torino ITA"]
[Date "2011.06.01"]
[Round "2"]
[White "Pinkerton, James Carl"]
[Black "Grinza, Andrea"]
[Result "0-1"]
[WhiteElo "2058"]
[BlackElo "2109"]
[PlyCount "58"]
[EventDate "2011.05.31"]

1. Nf3 Nf6 2. d4 c5 3. d5 g6 4. c4 b5 5. cxb5 a6 6. bxa6 Bg7 7. Nc3 Bxa6 8. e4
Bxf1 9. Kxf1 d6 10. g3 O-O 11. Kg2 Nbd7 12. Nd2 Nb6 13. a4 Ra5 14. Qe2 Nfd7 15.
Nb3 Bxc3 16. bxc3 Rxa4 17. Rxa4 Nxa4 18. Bh6 Re8 19. Ra1 Qb6 20. Qc2 Ra8 21.
Nd4 cxd4 22. Rxa4 Rc8 23. Bd2 dxc3 24. Be1 Qb2 25. Ra2 Qb4 26. Ra4 Qc5 27. Ra1
Ne5 28. Rc1 Qc4 29. Bxc3 Nd3 0-1

[Event "Open 150' Unita' d'Italia A"]
[Site "Torino ITA"]
[Date "2011.06.01"]
[Round "2"]
[White "Pulito, Alberto"]
[Black "Pesce, Gabriele"]
[Result "1-0"]
[WhiteElo "2281"]
[BlackElo "2185"]
[PlyCount "51"]
[EventDate "2011.05.31"]

1. e4 c5 2. c3 d5 3. exd5 Qxd5 4. d4 Nf6 5. Nf3 Bg4 6. Nbd2 e6 7. Qa4+ Nc6 8.
Bc4 Qd6 9. Bb5 Bxf3 10. Nxf3 cxd4 11. Bf4 Qd5 12. O-O-O Bc5 13. b4 Bb6 14. c4
Qe4 15. Bd6 O-O-O 16. Rhe1 Qf5 17. c5 Rxd6 18. cxd6 Qf4+ 19. Kb2 Qxd6 20. Bxc6
bxc6 21. Ne5 Rf8 22. Rc1 Kb7 23. Rxc6 Qd5 24. b5 Ne4 25. Qa6+ Ka8 26. Rc8+ 1-0

[Event "Open 150' Unita' d'Italia A"]
[Site "Torino ITA"]
[Date "2011.06.01"]
[Round "2"]
[White "Spinelli, Doriano"]
[Black "Boetto, Massimo"]
[Result "1-0"]
[WhiteElo "2100"]
[BlackElo "2009"]
[PlyCount "52"]
[EventDate "2011.05.31"]

1. e4 e6 2. d3 d5 3. Qe2 Nf6 4. Nf3 dxe4 5. dxe4 Nc6 6. e5 Nd5 7. a3 Be7 8. c4
Nb6 9. Be3 O-O 10. Nc3 Na5 11. Rd1 Bd7 12. c5 Nbc4 13. b4 Nxe3 14. Qxe3 Nc6 15.
b5 Nb8 16. Ne4 f5 17. exf6 Bxf6 18. Bc4 Qe8 19. Neg5 Kh8 20. O-O e5 21. Qe4
Bxg5 22. Nxg5 Qh5 23. Nf7+ Rxf7 24. Bxf7 Qxf7 25. Qxb7 Qe8 26. Qxa8 Bxb5 1-0

[Event "Open 150' Unita' d'Italia A"]
[Site "Torino ITA"]
[Date "2011.06.01"]
[Round "2"]
[White "Stella, Andrea"]
[Black "Barbiso, Tiziana"]
[Result "1-0"]
[WhiteElo "2398"]
[BlackElo "2024"]
[PlyCount "51"]
[EventDate "2011.05.31"]

1. d4 d5 2. c4 e6 3. Nc3 c6 4. e3 Nf6 5. Nf3 Nbd7 6. Qc2 Bd6 7. Bd3 O-O 8. O-O
dxc4 9. Bxc4 b5 10. Be2 Bb7 11. Rd1 b4 12. Na4 Qe7 13. e4 e5 14. g3 Rfd8 15.
dxe5 Nxe5 16. Nxe5 Bxe5 17. Be3 Bd6 18. Nc5 Bc8 19. f3 h5 20. Kg2 h4 21. g4 h3+
22. Kh1 Re8 23. Bg1 a5 24. Nb3 Qe5 25. Qxc6 Nh5 26. Qxd6 1-0

[Event "Open 150' Unita' d'Italia A"]
[Site "Torino ITA"]
[Date "2011.06.01"]
[Round "2"]
[White "Van Hoolandt, Patrick"]
[Black "Topczewski, Damian"]
[Result "0-1"]
[WhiteElo "2192"]
[BlackElo "2221"]
[PlyCount "136"]
[EventDate "2011.05.31"]

1. d4 Nf6 2. c4 g6 3. Nc3 Bg7 4. e4 d6 5. Nf3 O-O 6. Be3 Nbd7 7. h3 e5 8. d5 a5
9. Be2 b6 10. Rb1 Nc5 11. Nd2 Ne8 12. h4 f5 13. h5 g5 14. h6 Bf6 15. Bxc5 dxc5
16. exf5 Bxf5 17. Nde4 Nd6 18. Bd3 Be7 19. Qe2 Bg6 20. Nxd6 Qxd6 21. Rd1 Rae8
22. Nb5 Bxd3 23. Rxd3 Qd7 24. Re3 Bd8 25. Nc3 Qf5 26. Ne4 Qg6 27. Qh5 Rf4 28.
g3 Rff8 29. f3 Be7 30. Ke2 a4 31. Qxg6+ hxg6 32. Nf2 Kh7 33. Ng4 Bd6 34. Re4
Rf5 35. Rd1 Rb8 36. Rd2 a3 37. b3 b5 38. cxb5 Rxb5 39. Ra4 Rb4 40. Rxb4 cxb4
41. Rc2 Rf8 42. Rc4 Rf7 43. Kd3 Rf8 44. Ke4 Rf7 45. Rc6 Rf8 46. Rc2 Rf7 47. Rh2
Rf8 48. Nxe5 Re8 49. f4 gxf4 50. gxf4 g5 51. Rh5 gxf4 52. Kxf4 Rg8 53. Kf3 Rg1
54. Nd7 Ra1 55. Nf6+ Kh8 56. Ke3 Be7 57. Ne4 Rxa2 58. d6 cxd6 59. Rb5 Rb2 60.
Rxb4 a2 61. Ra4 d5 62. Nc3 Rxb3 63. Kd2 Rxc3 64. Rxa2 Bb4 65. Ke2 Kh7 66. Ra6
Rh3 67. Rb6 Bc3 68. Rc6 d4 0-1

[Event "Open 150' Unita' d'Italia A"]
[Site "Torino ITA"]
[Date "2011.06.01"]
[Round "2"]
[White "Zunino, Davide"]
[Black "Pliev, Vladimir"]
[Result "0-1"]
[WhiteElo "1987"]
[BlackElo "2049"]
[PlyCount "76"]
[EventDate "2011.05.31"]

1. d4 Nf6 2. Nc3 d5 3. e4 dxe4 4. f3 exf3 5. Nxf3 Bg4 6. h3 Bh5 7. g4 Bg6 8.
Ne5 e6 9. Qf3 c6 10. g5 Nd5 11. Bd3 Nd7 12. Nxg6 hxg6 13. O-O Qe7 14. Nxd5 cxd5
15. c4 dxc4 16. Bxc4 Nb6 17. Bb5+ Kd8 18. Qxf7 a6 19. Bd3 Qd6 20. Qf3 Nd5 21.
Qg4 Ne7 22. Be3 Nf5 23. Bxf5 gxf5 24. Qf3 Rc8 25. d5 Rc2 26. Rf2 Rxf2 27. Bxf2
Qe5 28. Re1 Qxb2 29. dxe6 Bd6 30. Qd5 Ke7 31. Qf3 g6 32. Qd3 Rd8 33. Qf3 Rc8
34. h4 Rc4 35. h5 Rf4 36. Qe3 Rg4+ 37. Kh1 Re4 38. Qc1 Qxf2 0-1

[Event "Open 150' Unita' d'Italia A"]
[Site "Torino ITA"]
[Date "2011.06.02"]
[Round "3"]
[White "Barbiso, Tiziana"]
[Black "Spinelli, Doriano"]
[Result "1/2-1/2"]
[WhiteElo "2024"]
[BlackElo "2100"]
[PlyCount "101"]
[EventDate "2011.05.31"]

1. e4 d5 2. exd5 Nf6 3. Bb5+ Nbd7 4. c4 g6 5. Nc3 Bg7 6. Nf3 O-O 7. O-O Nb6 8.
d3 a6 9. Ba4 Nxa4 10. Nxa4 b5 11. Nc3 Bb7 12. Re1 c6 13. dxc6 Bxc6 14. Ne5 Bb7
15. Qb3 Nd7 16. d4 Bxe5 17. dxe5 Nc5 18. Qc2 bxc4 19. Bh6 Nd3 20. Re3 Re8 21.
Qd2 Qb6 22. b3 Qc6 23. f3 Red8 24. bxc4 Qxc4 25. Rd1 Qh4 26. Rxd3 Rxd3 27. Qxd3
Qxh6 28. Ne4 Rc8 29. Re1 Bxe4 30. Qxe4 Qd2 31. Qe2 Rc2 32. Qxd2 Rxd2 33. Ra1
Kf8 34. a4 Rd5 35. f4 Rd4 36. g3 Ke8 37. a5 Rd5 38. Kf2 Kd7 39. Kf3 Kc6 40. Ke4
e6 41. Rc1+ Rc5 42. Ra1 Rb5 43. Rc1+ Kd7 44. Ra1 Rb4+ 45. Kf3 Ke7 46. Rc1 Rb5
47. Ra1 h5 48. Ke4 Rc5 49. Ra3 Rc2 50. h3 Rc4+ 51. Kf3 1/2-1/2

[Event "Open 150' Unita' d'Italia A"]
[Site "Torino ITA"]
[Date "2011.06.02"]
[Round "3"]
[White "Boetto, Massimo"]
[Black "Van Hoolandt, Patrick"]
[Result "0-1"]
[WhiteElo "2009"]
[BlackElo "2192"]
[PlyCount "54"]
[EventDate "2011.05.31"]

1. e4 e5 2. Nf3 Nc6 3. Bb5 Nf6 4. O-O Nxe4 5. Re1 Nd6 6. Nxe5 Be7 7. Ba4 Nxe5
8. Rxe5 O-O 9. d4 Nc4 10. Re1 d5 11. Bf4 Nxb2 12. Qe2 Bd6 13. Bxd6 Qxd6 14. Bb3
Bd7 15. Nc3 Rfe8 16. Qf1 c6 17. Rxe8+ Rxe8 18. Re1 Rxe1 19. Qxe1 Qe6 20. Qxe6
Bxe6 21. Ne2 a5 22. a3 a4 23. Ba2 Bf5 24. c3 b5 25. f3 Bc2 26. Kf2 Bb3 27. Bb1
Nc4 0-1

[Event "Open 150' Unita' d'Italia A"]
[Site "Torino ITA"]
[Date "2011.06.02"]
[Round "3"]
[White "D'Agostino, Maurizio"]
[Black "Pinkerton, James Carl"]
[Result "1-0"]
[WhiteElo "2028"]
[BlackElo "2058"]
[PlyCount "49"]
[EventDate "2011.05.31"]

1. d4 d5 2. Nf3 Nf6 3. e3 c6 4. Bd3 Bg4 5. h3 Bh5 6. b3 Nbd7 7. Bb2 e6 8. Nbd2
Be7 9. c4 O-O 10. Qc2 Rc8 11. O-O c5 12. Rac1 cxd4 13. exd4 Nb8 14. Ne5 Bg6 15.
Bxg6 hxg6 16. Rfe1 dxc4 17. bxc4 b5 18. c5 Nd5 19. Ndf3 Bf6 20. a3 Nc6 21. Qb3
Bxe5 22. Nxe5 Nxe5 23. Rxe5 Qe7 24. Rce1 a5 25. h4 1-0

[Event "Open 150' Unita' d'Italia A"]
[Site "Torino ITA"]
[Date "2011.06.02"]
[Round "3"]
[White "Grinza, Andrea"]
[Black "Pesce, Gabriele"]
[Result "1-0"]
[WhiteElo "2109"]
[BlackElo "2185"]
[PlyCount "75"]
[EventDate "2011.05.31"]

1. d4 Nf6 2. c4 g6 3. Nc3 Bg7 4. e4 d6 5. f3 O-O 6. Bg5 h6 7. Be3 c6 8. Qd2 e5
9. d5 Kh7 10. h4 Ne8 11. h5 g5 12. g4 Bf6 13. Nh3 Qd7 14. Bd3 Bd8 15. O-O Bb6
16. Nf2 Bxe3 17. Qxe3 Nf6 18. Bc2 Qe7 19. b4 a5 20. a3 Na6 21. dxc6 bxc6 22. b5
Nc5 23. bxc6 Qe8 24. Nd5 Kg7 25. Nc7 Qxc6 26. Nxa8 Ba6 27. Nd3 Bxc4 28. Rfc1
Bxd3 29. Bxd3 Qxa8 30. Bc4 Nfd7 31. Rd1 Nb6 32. Rxd6 Nxc4 33. Qxc5 Rc8 34. Rg6+
Kh7 35. Qe7 Rf8 36. Rf6 Kg7 37. Rc1 Qd8 38. Rxf7+ 1-0

[Event "Open 150' Unita' d'Italia A"]
[Site "Torino ITA"]
[Date "2011.06.02"]
[Round "3"]
[White "Ljubisavljevic, Zivojin Z."]
[Black "Pulito, Alberto"]
[Result "0-1"]
[WhiteElo "2215"]
[BlackElo "2281"]
[PlyCount "124"]
[EventDate "2011.05.31"]

1. d4 d5 2. c3 Nf6 3. Bf4 Nc6 4. e3 Bf5 5. Qb3 Rb8 6. Bb5 e6 7. Qa4 Bd6 8.
Bxc6+ bxc6 9. Qxc6+ Ke7 10. b3 Bd3 11. Qa4 Ne4 12. Bxd6+ Qxd6 13. Ne2 a5 14. f3
Qa6 15. fxe4 Bxe2 16. Qa3+ Kd7 17. Qb2 Bd3 18. e5 c5 19. dxc5 Rhc8 20. Nd2 Rxc5
21. Nf3 Rbc8 22. Rc1 Be4 23. Kf2 Bxf3 24. gxf3 Qc6 25. Rhg1 g6 26. Rg4 Rxc3 27.
Rxc3 Qxc3 28. Qxc3 Rxc3 29. Ra4 Rc2+ 30. Kg3 Rc5 31. Rh4 Ke7 32. Ra4 Rb5 33. f4
Kd7 34. Kg4 h6 35. h4 Kc6 36. h5 Kb6 37. hxg6 fxg6 38. Rd4 Rc5 39. Rd2 Rc3 40.
Rh2 h5+ 41. Kg5 Rxe3 42. Kxg6 d4 43. Kf6 d3 44. Kxe6 Kc5 45. f5 Kd4 46. Rh4+
Re4 47. Rh1 Rxe5+ 48. Kf6 d2 49. Rd1 Re2 50. Kg7 Kd3 51. f6 Re1 52. f7 Rxd1 53.
f8=Q Rg1+ 54. Kh6 d1=Q 55. Qf5+ Ke3 56. Qe5+ Kf2 57. Qc5+ Kf1 58. Qc4+ Ke1 59.
Qe4+ Qe2 60. Qb1+ Kf2 61. Qf5+ Qf3 62. Qc2+ Kg3 0-1